The science of well-being /

In this text, a collection of world famous researchers consider the scientific basis of happiness and well-being, bringing together perspectives from psychology, economics, psychiatry and nutrition.

Bibliographic Details
Other Authors: Huppert, Felicia A., Baylis, N. (Nick), Keverne, B. (Barry)
Format: eBook
Language:English
Published: Oxford : Oxford University Press, 2005.
Series:Philosophical transactions of The Royal Society. B.
Subjects:
Online Access:Connect to the full text of this electronic book

MARC

Tag First Indicator Second Indicator Subfields
LEADER 00000cam a2200000 a 4500
001 in00005708821
005 20260318191130.2
006 m o d
007 cr |||||||||||
008 120312s2005 enkacf fob 001 0 eng d
040 |a OTZ  |b eng  |e pn  |c OTZ  |d OCLCO  |d OCLCQ  |d OCLCF  |d YDXCP  |d OCLCQ  |d STBDS  |d OCLCQ  |d RDF  |d OCLCO  |d OCL  |d OCLCQ  |d OCLCO  |d OCLCL  |d OCLCQ 
020 |a 9780191693670  |q (ebook) 
020 |a 0191693677  |q (ebook) 
035 |a (OCoLC)808597642 
050 4 |a BF637.S8  |b S382 2005 
050 4 |a BF637.S8 
082 0 4 |a 155.2/5  |2 23 
049 |a TXAM 
245 0 4 |a The science of well-being /  |c edited by Felicia A. Huppert, Nick Baylis, and Barry Keverne. 
260 |a Oxford :  |b Oxford University Press,  |c 2005. 
300 |a 1 online resource (xiii, 546 pages, 2 unnumbered pages of plates) :  |b illustrations (some color), portraits 
336 |a text  |b txt  |2 rdacontent 
337 |a computer  |b c  |2 rdamedia 
338 |a online resource  |b cr  |2 rdacarrier 
490 1 |a Philosophical transactions of The Royal Society. B 
520 8 |a In this text, a collection of world famous researchers consider the scientific basis of happiness and well-being, bringing together perspectives from psychology, economics, psychiatry and nutrition. 
588 0 |a Print version record. 
504 |a Includes bibliographical references and index. 
650 0 |a Success  |x Psychological aspects. 
650 0 |a Happiness. 
650 0 |a Well-being. 
650 0 |a Human comfort. 
650 6 |a Succès  |x Aspect psychologique. 
650 6 |a Bonheur. 
650 6 |a Bien-être. 
650 7 |a comfort (sensation)  |2 aat 
650 7 |a Human comfort  |2 fast 
650 7 |a Happiness  |2 fast 
650 7 |a Success  |x Psychological aspects  |2 fast 
650 7 |a Well-being  |2 fast 
650 7 |a Social Sciences.  |2 hilcc 
650 7 |a Psychology.  |2 hilcc 
655 7 |a Electronic books.  |2 local 
700 1 |a Huppert, Felicia A. 
700 1 |a Baylis, N.  |q (Nick)  |1 https://id.oclc.org/worldcat/entity/E39PBJxhkh3KjcMGKt3yXqvbVC 
700 1 |a Keverne, B.  |q (Barry)  |1 https://id.oclc.org/worldcat/entity/E39PCjw78j6cRWFD3cRcwJQT9C 
776 0 8 |i Print version  |z 9780198567523 
830 0 |a Philosophical transactions of The Royal Society. B. 
856 4 0 |u http://proxy.library.tamu.edu/login?url=https://academic.oup.com/book/10278  |z Connect to the full text of this electronic book  |t 0 
936 |a BATCHLOAD 
955 |a Oxford Scholarship Online 
994 |a 92  |b TXA 
999 f f |i cb1c28a7-cfd5-4285-8805-22cc6a788c82  |s 46aa29dd-f29f-4a3e-83a3-4c570700dfa4  |t 0 
952 f f |a Texas A&M University  |b College Station  |c Electronic Resources  |s www_evans  |d Available Online  |t 0  |e BF637.S8 S382 2005  |h Library of Congress classification 
998 f f |a BF637.S8 S382 2005  |t 0  |l Available Online